RCD Espanyol Squad 2013-2014 - Statistics

General Stats
  • This quiz has been taken 10 times
  • The average score is 16 of 25
Answer Stats
# Position Nation Player % Correct
14 DF Spain David López
100%
- Coach Mexico Javier Aguirre
100%
16 DF Spain Javi López
100%
13 GK Spain Kiko Casilla
100%
9 FW Spain Sergio García
100%
4 MF Spain Víctor Sánchez
100%
8 FW Uruguay Cristhian Stuani
83%
19 DF Argentina Diego Colotto
83%
15 DF Mexico Héctor Moreno
83%
10 MF Portugal Pizzi
83%
20 FW Portugal Simão
83%
2 DF Brazil Felipe Mattioni
67%
7 FW Congo Thievy Bifouma
67%
23 MF Spain Abraham González
50%
22 MF Spain Álex Fernández
50%
11 DF Spain Joan Capdevila
50%
3 DF Spain Raúl Rodríguez
50%
6 DF Brazil Sidnei
50%
17 DF Spain Víctor Álvarez
50%
1 GK Spain Germán Parreño
33%
24 FW Colombia Jhon Córdoba
33%
18 DF Spain Juan Rafael Fuentes
33%
5 MF Spain Sergio Tejera
33%
25 FW Romania Gabriel Torje
17%
12 MF Spain Manu Lanzarote
17%
No matching quizzes found
Score Distribution
Percent of People with Each Score
Percentile by Number Answered
Your Score History
You have not taken this quiz